Once upon a time - arbre généalogique - Statistiques

Statistiques générales
  • Ce quiz a été pris 682 fois
  • Le résultat moyen est 19 sur 31
Statistiques - réponses
Question Réponse % Correct
3 - Mère de 1 Blanche-Neige
99%
1 - La sauveuse Emma Swan
99%
2 - Fils de 1 Henry Mills
96%
5 - Mère adoptive de 2 Regina Mills
96%
4 - Mari de 3 Charmant
95%
10 - Femme de 9 Belle
90%
12 - Mari de 1 Crochet
90%
9 - Père de 6 Rumplestilskin
90%
8 - Sœur de 5 Zelena
81%
11 - Mère 5 et 8 Cora
80%
6 - Père de 2 Baelfire
78%
7 - Frère de 1 Neal
74%
20 - Compagnon de 5 Robin
74%
14 - Femme de 2 Ella
70%
23 - Meilleure amie de 3 Ruby
65%
13 - Arrière grand-père de 2 Peter Pan
57%
24 - Grand-mère de 23 Granny
53%
21 - Fille de 8 et 20 Robine
50%
16 - Fils de 9 et 10 Gideon
47%
19 - Fille de l'alter ego de 12 Alice
46%
26 - Père de 25 Gepetto
44%
25 - Ami de 1 August
40%
15 - Fille de 2 et 14 Lucy
39%
17 - Fille de 1 et 12 Hope
37%
29 - Belle-mère de 14 Lady Tremaine
35%
18 - Marraine de 16 Fée bleue
34%
22 - Fils de 20 Rolland
34%
31 - Colocataire de 14 Tiana
31%
30 - Demi-sœurs de 14 Javotte et Anastasie
29%
27 - Meilleur ami de 26 Archie
26%
28 - Mère de 19 Gothel
23%
Aucun quiz correspondant
Distribution des résultats
% des personnes avec chaque résultat
Percentile par nombre de réponses
Votre historique - résultats
Vous n’avez pas pris ce quiz